Manual de gestión del medio ambiente / (Registro nro. 1066)

Detalles MARC
000 -CABECERA
Campo de control 01154cam a2200313 a 4500
005 - FECHA Y HORA DE LA ULTIMA TRANSACCION
Campo de control 20200104041518.0
008 - ELEMENTOS DE LONGITUD FIJA—INFORMACION GENERAL
Campo de control 001121t00001997sp abco r 000 0 spa d
020 ## - ISBN
ISBN 8434421275
040 ## - FUENTE DE CATALOGACIÓN
Agencia catalogadora original CO-BoPUJ
Agencia transcriptora CO-BoIAVH
Agencia Modificadora CO-BoIAVH
041 0# - IDIOMA
Código de idioma para texto/pista de sonido o título separado Español
044 ## - PAÍS DE PUBLICACIÓN
País de publicación España
082 04 - NUMERO DE CLASIFICACION DECIMAL DEWEY
Número de clasificación 363.70526
Número del ítem M29g
245 00 - MENCION DE TITULO
Título Manual de gestión del medio ambiente /
Mención de responsabilidad Martí Boada i Junca [y otros 14] ; coordinador Manuel A. Soler Manuel
250 ## - MENCION DE EDICION
Mención de edición Primera edición
260 ## - PUBLICACION, DISTRIBUCION, ETC. (PIE DE IMPRENTA)
Lugar de publicación, distribución, etc. Barcelona, España :
Nombre del editor, distribuidor, etc. Ariel,
Fecha de publicación, distribución, etc. 1997.
300 ## - DESCRIPCION FISICA
Extensión 475 páginas :
Otros detalles físicos ilustraciones, mapas y fotografías ;
Dimensiones 24 x 18 cm.
504 ## - NOTA DE BIBLIOGRAFIA, ETC.
Nota de bibliografía Incluye referencias bibliográficas: páginas 459-466.
650 26 - ASIENTO SECUNDARIO DE MATERIA - TERMINO TEMATICO
Término temático o nombre geográfico como elemento de entrada Gestión ambiental
9 (RLIN) 92206
650 26 - ASIENTO SECUNDARIO DE MATERIA - TERMINO TEMATICO
Término temático o nombre geográfico como elemento de entrada Cambio climático
9 (RLIN) 75710
650 26 - ASIENTO SECUNDARIO DE MATERIA - TERMINO TEMATICO
Término temático o nombre geográfico como elemento de entrada Educación Ambiental
9 (RLIN) 162
650 26 - ASIENTO SECUNDARIO DE MATERIA - TERMINO TEMATICO
Término temático o nombre geográfico como elemento de entrada Protección ambiental
9 (RLIN) 75712
650 26 - ASIENTO SECUNDARIO DE MATERIA - TERMINO TEMATICO
Término temático o nombre geográfico como elemento de entrada Legislación medioambiental
9 (RLIN) 75713
650 26 - ASIENTO SECUNDARIO DE MATERIA - TERMINO TEMATICO
Término temático o nombre geográfico como elemento de entrada Economía ambiental
9 (RLIN) 75714
700 1# - ASIENTO SECUNDARIO - NOMBRE PERSONAL
Nombre personal Boada i Junca, Martí
Término de relación autor
9 (RLIN) 75715
700 1# - ASIENTO SECUNDARIO - NOMBRE PERSONAL
Nombre personal González Gámez, Manuel
Término de relación autor
9 (RLIN) 75716
700 1# - ASIENTO SECUNDARIO - NOMBRE PERSONAL
Nombre personal Campins Eritja, Mar
Término de relación autora
9 (RLIN) 75717
700 1# - ASIENTO SECUNDARIO - NOMBRE PERSONAL
Nombre personal Soler, Manuel A.
Término de relación coordinador
9 (RLIN) 10607
942 ## - ELEMENTOS ADICIONALES (KOHA)
Sistema de clasificación Dewey Decimal Classification
Tipo de ítem Libro
Existencias
Withdrawn status Lost status Sistema de Clasificación Damaged status No para préstamo Colección Inventariado Ubicación Permanente Ubicación actual Fecha de adquisición Fuente de Valor Valor Total Checkouts Número topográfico Inventario / Código de Barras Date last seen Ejemplar Price effective from Forma de adquisición Tipo de material
    Dewey Decimal Classification     General Inventariado 2017 Sala Fabio Quevedo Sala Fabio Quevedo 14/01/1999 Instituto 39000.00   LB-363.70526 M29g 001459 04/12/2012 Ej. 1 04/12/2012 Donación Libro